Abuja journal of gender studies and youth advancement (Record no. 38021)

MARC details
000 -LEADER
fixed length control field 00489nam a2200169Ia 4500
022 ## - INTERNATIONAL STANDARD SERIAL NUMBER
ISSN 26516160
050 ## - CALL MARK
Classification number LB 1607 .A28/
245 #0 - TITLE STATEMENT
Title Abuja journal of gender studies and youth advancement
260 ## - PUBLICATION, DISTRIBUTION, ETC. (IMPRINT)
Place of publication Abuja, Nigeria
260 ## - PUBLICATION, DISTRIBUTION, ETC. (IMPRINT)
Name of publisher Aboki publishers
260 ## - PUBLICATION, DISTRIBUTION, ETC. (IMPRINT)
Year of publication 2018
300 ## - PHYSICAL DESCRIPTION
Number of Pages viii, 391 p. ; 22 cm.
650 ## - SUBJECT ADDED ENTRY--TOPICAL TERM
Topical Term Education, Secondary--Congresses. High school students--Congresses.
942 ## - ADDED ENTRY ELEMENTS (KOHA)
Koha item type Serials

No items available.